| 000 | 00711nam a2200253 i 4500 | ||
|---|---|---|---|
| 001 | 18528 | ||
| 003 | ES-MaACL | ||
| 005 | 20260424152004.0 | ||
| 007 | t| | ||
| 008 | 020129s1989 sp ||||0| spa j | ||
| 016 | 7 | _zSAB9000098614 | |
| 020 | _a84-320-4705-8 | ||
| 040 |
_aM-BN-DP _bspa _cM-BN-DP |
||
| 080 | _a860-31"19" | ||
| 100 | 1 |
_aVizcaíno Casas, Fernando. _9115612 |
|
| 245 | 1 | 4 |
_aLos rojos ganaron la guerra / _cFernando Vizcaíno Casas. |
| 250 | _a[1ª ed.]. | ||
| 260 |
_aBarcelona : _bPlaneta, _c1989. |
||
| 300 |
_a245 p ; _c20 cm. |
||
| 490 | 1 |
_aColección Fábula ; _v245 |
|
| 830 | 0 |
_aColección Fábula _v245 _9180466 |
|
| 852 |
_aES-MaACL _jG-1296 _bR.131038 |
||
| 999 |
_c18528 _d18528 |
||